[Event "Bogota Bonita op"]
[Site "Bogota"]
[Date "2019.09.28"]
[Round "5"]
[White "Delgado, Gilbert Joaquin"]
[Black "Negron Lizarazo, Juan Sebastian"]
[Result "1-0"]
[WhiteElo "1916"]
[BlackElo "1284"]
[PlyCount "75"]
[EventDate "2019.09.26"]
[EventType "swiss"]
[EventRounds "7"]
[EventCountry "COL"]
[SourceTitle "EXT 2020"]
[Source "ChessBase"]
[SourceDate "2019.10.17"]
[SourceVersion "1"]
[SourceVersionDate "2019.10.17"]
[SourceQuality "1"]

1. d4 Nf6 2. Nf3 g6 3. Bf4 d5 4. c3 Bg7 5. e3 Nc6 6. Bd3 0-0 7. Nbd2 Nd7 8. Bg5 f6 9. Bh4 e5 10. dxe5 Ndxe5 11. Be2 Nxf3+ 12. Nxf3 g5 13. Bg3 Bg4 14. 0-0 Ne7 15. Nd4 Bxe2 16. Qxe2 Qd7 17. Qh5 c5 18. Nb3 b6 19. Rfd1 Rad8 20. e4 Qe6 21. exd5 Nxd5 22. Nd2 Rfe8 23. Nf3 g4 24. Re1 Qd7 25. Nh4 Ne7 26. f3 f5 27. Qg5 h6 28. Qf4 Rf8 29. Qc4+ Kh7 30. fxg4 fxg4 31. Qe4+ Nf5 32. Rf1 Qd5 33. Qc2 Qd2 34. Qxd2 Rxd2 35. Nxf5 Rxb2 36. Nxg7 Kxg7 37. Be5+ Kg6 38. Rxf8 1-0

[Event "Uni De Paula Santander op 3rd"]
[Site "Ocana"]
[Date "2017.10.01"]
[Round "6"]
[White "Garcia, Jhon Jairo"]
[Black "Delgado, Gilbert Joaquin"]
[Result "0-1"]
[WhiteElo "2011"]
[BlackElo "1613"]
[PlyCount "64"]
[EventDate "2017.09.29"]
[EventType "swiss"]
[EventRounds "7"]
[EventCountry "COL"]
[SourceTitle "CBM 181 Extra"]
[Source "ChessBase"]
[SourceDate "2017.12.12"]
[SourceVersion "1"]
[SourceVersionDate "2017.12.12"]
[SourceQuality "1"]

1. d4 d5 2. c4 e6 3. g3 c5 4. Bg2 dxc4 5. Qa4+ Qd7 6. Qxc4 Qxd4 7. Qxd4 cxd4 8. Nf3 Bc5 9. 0-0 Ne7 10. Bf4 Ng6 11. Rc1 Na6 12. Bd2 e5 13. a3 0-0 14. b4 Bd6 15. Ra2 Be6 16. Rb2 Bd5 17. Ne1 Bxg2 18. Kxg2 Rac8 19. Rxc8 Rxc8 20. e3 dxe3 21. Bxe3 b6 22. Rd2 Be7 23. Nd3 Rd8 24. Nc3 Nc7 25. Kf3 f5 26. Ke2 Ne6 27. f3 Bf6 28. Na4 f4 29. Bf2 Ng5 30. Rc2 Rd7 31. b5 Nh3 32. Be1 Ng1+ 0-1

[Event "Ocana op 1st"]
[Site "Ocana"]
[Date "2015.09.27"]
[Round "7"]
[White "Acosta Cruz, Luis Ivan"]
[Black "Delgado, Gilbert Joaquin"]
[Result "1-0"]
[WhiteElo "1798"]
[BlackElo "1597"]
[PlyCount "42"]
[EventDate "2015.09.25"]
[EventType "swiss"]
[EventRounds "7"]
[EventCountry "COL"]
[SourceTitle "EXT 2016"]
[Source "ChessBase"]
[SourceDate "2015.10.08"]
[SourceVersion "1"]
[SourceVersionDate "2015.10.08"]
[SourceQuality "1"]

1. d4 d5 2. Nf3 c5 3. c3 Nf6 4. g3 Nc6 5. Bg2 cxd4 6. cxd4 g6 7. 0-0 Bg7 8. Nc3 0-0 9. Re1 e6 10. Bg5 Qc7 11. Rc1 a6 12. a3 b5 13. e3 Bb7 14. Bf4 Qb6 15. Bd6 Rfe8 16. Be5 Rad8 17. b4 Nd7 18. e4 dxe4 19. Nxe4 Nf6 20. Nd6 Re7 21. Nxb7 Rxb7 1-0

[Event "Bogota Superate Intercol Adv"]
[Site "Bogota"]
[Date "2014.10.24"]
[Round "3.3"]
[White "Delgado, Gilbert Joaquin"]
[Black "Leon, Gustavo"]
[Result "0-1"]
[WhiteElo "1570"]
[BlackElo "1847"]
[PlyCount "132"]
[EventDate "2014.10.24"]
[EventType "swiss (blitz)"]
[EventRounds "8"]
[EventCountry "COL"]
[SourceTitle "EXT 2024"]
[Source "ChessBase"]
[SourceDate "2023.10.10"]
[SourceVersion "1"]
[SourceVersionDate "2023.10.10"]
[SourceQuality "1"]

1. d4 Nf6 2. c4 g6 3. Nc3 Bg7 4. Nf3 0-0 5. e3 d6 6. Bd3 c6 7. b3 Nbd7 8. Bb2 Qc7 9. 0-0 b6 10. Rc1 Bb7 11. a3 Rac8 12. b4 Qb8 13. Qc2 d5 14. cxd5 cxd5 15. Qb3 e6 16. Rc2 a6 17. Rfc1 b5 18. a4 bxa4 19. Nxa4 Ne4 20. Nc5 Ndxc5 21. dxc5 Bc6 22. Bxa6 Rc7 23. Bxg7 Kxg7 24. b5 Bb7 25. Qa4 Rfc8 26. c6 Bxa6 27. Qxa6 Ra7 28. c7 Qb7 29. Qxb7 Rxb7 30. Rb1 Rcxc7 31. Rxc7 Rxc7 32. Nd4 Rb7 33. g3 e5 34. Nc6 Nc3 35. Rb3 Nxb5 36. Nxe5 Nd6 37. Rxb7 Nxb7 38. Kf1 Kf6 39. Nd7+ Ke6 40. Nb6 Nc5 41. Ke2 Kd6 42. Nc8+ Kc7 43. Ne7 Kd6 44. Ng8 Ke6 45. Nh6 f5 46. h3 Kf6 47. g4 Kg7 48. g5 Ne6 49. h4 f4 50. Kf3 fxe3 51. Kxe3 d4+ 52. Ke4 Kf8 53. f3 Ke7 54. Ng8+ Kd6 55. Nf6 Kc5 56. Nxh7 Kc4 57. Ke5 d3 58. Kxe6 d2 59. Kf6 d1Q 60. Kxg6 Qd3+ 61. Kh6 Qd6+ 62. Nf6 Kd4 63. h5 Ke5 64. Kg6 Qe6 65. h6 Qf5+ 66. Kh5 Qxf3+ 0-1

[Event "Bogota Superate Intercol Adv"]
[Site "Bogota"]
[Date "2014.10.24"]
[Round "6.6"]
[White "Delgado, Gilbert Joaquin"]
[Black "Rengifo Jaramillo, David"]
[Result "0-1"]
[WhiteElo "1570"]
[BlackElo "1736"]
[PlyCount "80"]
[EventDate "2014.10.24"]
[EventType "swiss (blitz)"]
[EventRounds "8"]
[EventCountry "COL"]
[SourceTitle "EXT 2024"]
[Source "ChessBase"]
[SourceDate "2023.10.10"]
[SourceVersion "1"]
[SourceVersionDate "2023.10.10"]
[SourceQuality "1"]

1. d4 Nf6 2. c4 c5 3. d5 b5 4. b3 g6 5. Nd2 Bg7 6. e4 Nxe4 7. Rb1 Nc3 8. Qc2 Nxb1 9. Qxb1 bxc4 10. Nxc4 d6 11. Nf3 Nd7 12. Be2 Ba6 13. 0-0 0-0 14. Re1 Nb6 15. Nxb6 axb6 16. a3 b5 17. Bb2 e6 18. Bxg7 Kxg7 19. Qb2+ e5 20. Nd2 f5 21. f4 Qf6 22. fxe5 Qxe5 23. Qxe5+ dxe5 24. Bf3 e4 25. Bd1 Rfd8 26. Nb1 Rxd5 27. Nc3 Rd3 28. Ne2 Rad8 29. Bc2 Rd2 30. Bb1 c4 31. bxc4 bxc4 32. Nc3 R2d3 33. Bxd3 cxd3 34. g3 Rc8 35. Nd5 d2 36. Rd1 Rc1 37. Ne3 Rxd1+ 38. Nxd1 Be2 39. Nc3 d1Q+ 40. Nxd1 Bxd1 0-1

[Event "Bogota Superate Intercol Adv"]
[Site "Bogota"]
[Date "2014.10.23"]
[Round "2.7"]
[White "Montenegro, Juan Pablo"]
[Black "Delgado, Gilbert Joaquin"]
[Result "0-1"]
[WhiteElo "1327"]
[BlackElo "1570"]
[PlyCount "84"]
[EventDate "2014.10.23"]
[EventType "swiss (rapid)"]
[EventRounds "6"]
[EventCountry "COL"]
[SourceTitle "EXT 2024"]
[Source "ChessBase"]
[SourceDate "2023.10.10"]
[SourceVersion "1"]
[SourceVersionDate "2023.10.10"]
[SourceQuality "1"]

1. e4 c5 2. Nc3 d6 3. f4 Nc6 4. Nf3 Nf6 5. Bc4 e6 6. 0-0 Be7 7. d3 a6 8. a4 0-0 9. Re1 Qc7 10. Bd2 b6 11. e5 dxe5 12. fxe5 Nd7 13. Bf4 Bb7 14. Re4 Na5 15. Qd2 Bxe4 16. Nxe4 Nxc4 17. dxc4 Rfd8 18. Rd1 Nxe5 19. Qe2 Nxf3+ 20. Qxf3 Rxd1+ 21. Qxd1 Qxf4 22. Ng3 h6 23. Qd7 Qd4+ 24. Qxd4 cxd4 25. b4 Bxb4 26. Ne4 Rc8 27. Kf2 Rxc4 28. Ke2 Rxc2+ 29. Kd3 Rxg2 30. Kxd4 Rxh2 31. Kd3 Rh3+ 32. Kc2 Bc5 33. a5 f5 34. Nxc5 bxc5 35. Kd2 f4 36. Ke2 c4 37. Kf2 c3 38. Ke2 c2 39. Kf2 c1R 40. Kg2 Ra3 41. Kf2 Rc2+ 42. Ke1 Ra1# 0-1